Organizational Communication <The> Keystone to Managerial Effectiveness
Enregistré dans:
| Auteur principal: | |
|---|---|
| Autres auteurs: | , |
| Format: | Livre |
| Langue: | anglais |
| Publié: |
New York
MacGraw-Hill Book Co.
1977
|
| Édition: | 1. ed. |
| Tags: |
Pas de tags, Soyez le premier à ajouter un tag!
|
MARC
| LEADER | 00000nam a2200000 4500 | ||
|---|---|---|---|
| 001 | c033362 | ||
| 005 | 20250515100400.3 | ||
| 041 | 0 | |a eng | |
| 044 | |a US | ||
| 245 | 1 | 0 | |a Organizational Communication |b <The> Keystone to Managerial Effectiveness |c Jery C. Wofford, Edwin A. Gerloff, Robert C. Cummins |
| 250 | |a 1. ed. | ||
| 264 | 1 | |a New York |b MacGraw-Hill Book Co. |c 1977 | |
| 300 | |a 477 s. | ||
| 100 | 1 | |a Wofford, Jery C. | |
| 700 | 1 | |a Gerloff, Edwin A. | |
| 700 | 1 | |a Cummins, Robert C. | |